000 01189cam a22001814a 4500
005 20250605164356.0
008 250528s ||||||||||||||||||||||||d
035 _a24316
040 _aGR-AtMCL
_bgre
_dGR-AtMCL
_eAACR2
245 1 _aΕ.Β.Ε.Α.: Να Προλάβουμε τις Οικονομικές Επιπτώσεις από τον Κορονοϊό
260 _bΕμπορικό Και Βιομηχανικό Επιμελητήριο Αθηνών,
_c2020
300 _a64
520 _aΟ Ιός της Νέας Κρίσης και οι Μεταβλητές του, Ο Κορονοϊός Έχει Σημάνει Συναγερμό στην Ελληνική Οικονομία, Οι Ελληνικές Εξαγωγές Αποτελούν Πηγή Αισιοδοξίας, Σε Λειτουργία η Νέα Πλατφόρμα 'e-katanalotis', Κατανάλωση Ηλεκτρικής Ενέργειας: Παραμένει Κυρίαρχη η Δ.Ε.Η., Λίφτινγκ στις Αστικές Συγκοινωνίες με 800 Νέα Λεωφορεία.
700 1 _aΜίχαλος Κωνσταντίνος
_94319
942 _cCR
999 _c9205
_d9205